Países com mais daltônicos - Statistics

Estatísticas Gerais
  • Esse quiz foi jogado 41 vezes
  • A pontuação média é 8 de 10
Estatísticas das Respostas
Países % Correto
25 mi Brasil
100%
107 mi China
100%
32 mi Estados Unidos
97%
74 mi Índia
95%
14 mi Rússia
92%
12 mi México
76%
29 mi Indonésia
73%
28 mi Paquistão
54%
19 mi Bangladesh
46%
20 mi Nigéria
46%
Nenhum quiz correspondente encontrado
Distribuição das Pontuações
Porcentagem de Pessoas com Cada Pontuação
Percentil de Números Respondidos
Sua Pontuação Histórica
Você não jogou esse quiz